مفارقة ابن رشد / (Record no. 29494)
[ view plain ]
| 000 -الفاتح | |
|---|---|
| حقل البيانات ثابتة الطول | 01208nam a22003017a 4500 |
| 003 - محدد رقم الضبط | |
| رقم الضبط | EG-ScBUE |
| 005 - وقت وتاريخ اخر تعامل مع التسجيلة | |
| رقم الضبط | 20210926100956.0 |
| 008 - عناصر البيانات ثابتة الطول - معلومات عامة | |
| حقل البيانات ثابتة الطول | 210925s2003 ua f b 000 0dara d |
| 040 ## - مصدر الفهرسة | |
| وكالة الفهرسة الأصلية | EG-ScBUE |
| لغة الفهرسة | ara |
| قواعد الوصف | rda |
| وكالة النسخ | EG-ScBUE |
| وكالة التعديل | EG-ScBUE |
| 082 04 - رقم تصنيف ديوى العشرى | |
| رقم التصنيف | 181.07 |
| رقم المادة | و هـ ب |
| رقم الطبعة | 22 |
| 100 1# - المدخل الرئيسى - إسم شخصى | |
| الإسم الشخصى | وهبة، مراد، |
| الدور | مؤلف. |
| 245 10 - بيان العنوان | |
| العنوان | مفارقة ابن رشد / |
| بيان المسئوليه,etc | مراد وهبة. |
| 250 ## - بيان الطبعة | |
| بيان الطبعة | الطبعة الثانية. |
| 264 #1 - النشر، التوزيع | |
| مكان الناشر او الموزع | [القاهرة] : |
| اسم الناشر او الموزع | [مكان النشر غير محدد] ؛ |
| تاريخ النشر أو التوزيع | [2003] |
| 300 ## - الوصف المادى | |
| التعداد | 116 صفحة ؛ |
| أبعاد الوعاء | 16 سم |
| 336 ## - نوع المحتوى | |
| source | rdacontent |
| Carrier Type Term | نص |
| Content Type Code | txt |
| 337 ## - نوع الوسيط | |
| source | rdamedia |
| Media Type Term | بدون وسيط |
| Media Type Code | n |
| 338 ## - نوع الحامل أو الناقل | |
| source | rdacarrier |
| Carrier Type Term | مجلد |
| Carrier Type Code | nc |
| 504 ## - تبصرة ببليوجرافية | |
| تبصرة ببليوجرافية,الخ | يشتمل على إرجاعات ببليوجرافية. |
| 521 ## - تبصرة الجمهور المستهدف | |
| تبصرة الجمهور المستهدف | طلبة جامعة القاهرة. |
| 541 ## - تبصرة المصدر المباشر للتزويد | |
| طريقة التزويد | Donation. |
| 600 17 - المدخل الاضافى بالموضوع-اسم شخصى | |
| الإسم الشخصى | ابن راشد، محمد بن عبد الله، |
| التواريخ المصاحبة للاسم | 520-595 هـ. |
| مصدر الرأس أو المصطلح | BUEsh |
| 650 #7 - المدخل الاضافى بالموضوع-مصطلح موضوعى | |
| مصطلح موضوعي أو اسم جغرافي كعنصر مدخل | الفلسفة الإسلامية. |
| مصدر الرأس أو المصطلح | BUEsh |
| 653 #7 - مصطلح تكشيفى غير مقيد | |
| مصطلح غير مقيد | BUEsh |
| Resource For college | Generalities |
| Arrived date list | September2021 |
| 655 #7 - مصطلح تكشيفى-نوع/شكل | |
| مصدر المصطلح | BUEsh |
| التقسيم الفرعي الشكلي | Reading book |
| -- | 34232 |
| 711 2# - المدخل الاضافى -عنوان مؤتمر | |
| اسم المؤتمر أو اسم السلطة كمدخل | المؤتمر الدولي الفلسفي الأول للفلسفة الإسلامية) |
| تاريخ الاجتماع | 1979 : |
| موقع المؤتمر | القاهرة) |
| 9 (RLIN) | 8568 |
| 942 ## - عناصر المدخل الإضافي( كوها) | |
| مصدر التصنيف او مخطط الترفيف | Dewey Decimal Classification |
| حالة التراجع | حالة الفقد | مصدر التصنيف او خطة الترفيف | حالة تلف | ليس للاعارة | مجموعات كوها | المكان الدائم | المكان الحالي | موقع الترفيف | تاريخ الاكتساب | Source of acquisition | رقم الاستدعاء | الباركود | Date last seen | نوع الوعاء |
|---|---|---|---|---|---|---|---|---|---|---|---|---|---|---|
| Dewey Decimal Classification | Donation-Gift | Central Library | Central Library | Lower Floor | 25/09/2021 | Donation | 181.07 و هـ ب | 000050741 | 15/07/2025 | Book - Borrowing |